00318nam a2200121 a 4500008004100000020001500041050001900056100001700075245005500092260002800147300001200175350000900187120416s1974 ||||||||||||||||| || u a9027977011 aBL 2480.M3 Dan aDaneel, M. L10aOld and new in Southern Shona independent churches aThe HaguebMortonc1974 a2 vols. a0.00